Občanské právo 2
Guardado en:
| Formato: | Libro |
|---|---|
| Lenguaje: | checo |
| Publicado: |
Praha
Státní pedagogické nakladatelství
1984
|
| Etiquetas: |
Sin Etiquetas, Sea el primero en etiquetar este registro!
|
MARC
| LEADER | 00000nam a2200000 4500 | ||
|---|---|---|---|
| 001 | c116760 | ||
| 005 | 20190204095335.4 | ||
| 041 | 0 | |a cze | |
| 044 | |a CZ | ||
| 245 | 1 | 0 | |a Občanské právo 2 |
| 264 | 1 | |a Praha |b Státní pedagogické nakladatelství |c 1984 | |
| 300 | |a 186 s. | ||